Environmentálne členenie nákladov
Význam environmentálneho manažérskeho účtovníctva, ktoré sa stáva súčasťou manažérskeho systému podniku a poskytuje informácie o environmentálnych nákladoch a výnosoch podniku. Charakteristika environmentálnych nákladov. Klasifikácia environmentálnych nákladov. Praktické uplatnenie klasifikácie envi...
Na minha lista:
| Autor principal: | |
|---|---|
| Formato: | Capítulo de Livro |
| Idioma: | eslovaco |
| Assuntos: | |
| Tags: |
Sem tags, seja o primeiro a adicionar uma tag!
|
MARC
| LEADER | 00000naa a2200000 4500 | ||
|---|---|---|---|
| 001 | 0124542 | ||
| 005 | 20230912094815.6 | ||
| 041 | 0 | |a slo | |
| 044 | |a SK | ||
| 245 | 1 | 0 | |a Environmentálne členenie nákladov |c Katarína Teplická |
| 520 | |a Význam environmentálneho manažérskeho účtovníctva, ktoré sa stáva súčasťou manažérskeho systému podniku a poskytuje informácie o environmentálnych nákladoch a výnosoch podniku. Charakteristika environmentálnych nákladov. Klasifikácia environmentálnych nákladov. Praktické uplatnenie klasifikácie environmentálnych nákladov v podniku. | ||
| 610 | 2 | 0 | |a náklady ekologické |
| 610 | 2 | 0 | |a ochrana prostredia životného |
| 610 | 2 | 0 | |a odpad výrobný |
| 610 | 2 | 0 | |a recyklácia odpadu |
| 610 | 2 | 0 | |a znečistenie ovzdušia |
| 610 | 2 | 0 | |a znečistenie prostredia životného |
| 610 | 2 | 0 | |a znečistenie vôd |
| 610 | 2 | 0 | |a dane ekologické |
| 610 | 2 | 0 | |a dane miestne |
| 100 | 1 | |a Teplická, Katarína | |